[Event "Split op 2nd"]
[Site "Split"]
[Date "2012.08.15"]
[Round "5"]
[White "Sergienko, Vladislav"]
[Black "Bartl, Ulf"]
[Result "1-0"]
[WhiteElo "2191"]
[BlackElo "2027"]
[PlyCount "61"]
[EventDate "2012.08.11"]
[EventType "swiss"]
[EventRounds "9"]
[EventCountry "CRO"]
[SourceTitle "CBM 149 Extra"]
[Source "ChessBase"]
[SourceDate "2012.08.24"]
[SourceVersion "1"]
[SourceVersionDate "2012.08.24"]
[SourceQuality "1"]

1. c4 Nf6 2. Nc3 d5 3. cxd5 Nxd5 4. g3 g6 5. Bg2 c6 6. Nf3 Bg7 7. 0-0 0-0 8. e4 Nxc3 9. dxc3 c5 10. Qd5 Nd7 11. Rd1 Qc7 12. Bf4 e5 13. Be3 Rb8 14. Qd6 Qxd6 15. Rxd6 b6 16. Rad1 Nf6 17. Nxe5 Nxe4 18. R6d5 Nf6 19. Rd8 Be6 20. Rxb8 Rxb8 21. Nc6 Re8 22. Nxa7 Bxa2 23. Bc6 Rf8 24. Bf4 Bc4 25. Bc7 b5 26. Nxb5 Bxb5 27. Bxb5 Rc8 28. Rd8+ Rxd8 29. Bxd8 Nd5 30. Bc4 Bf6 31. Ba5 1-0

[Event "Olomouc op"]
[Site "Olomouc"]
[Date "2012.08.09"]
[Round "9"]
[White "Cagasik, Tomas"]
[Black "Sergienko, Vladislav"]
[Result "1/2-1/2"]
[WhiteElo "2266"]
[BlackElo "2191"]
[PlyCount "38"]
[EventDate "2012.08.02"]
[EventType "swiss"]
[EventRounds "9"]
[EventCountry "CZE"]
[SourceTitle "CBM 149 Extra"]
[Source "ChessBase"]
[SourceDate "2012.08.24"]
[SourceVersion "1"]
[SourceVersionDate "2012.08.24"]
[SourceQuality "1"]

1. e4 c5 2. Nf3 Nc6 3. d4 cxd4 4. Nxd4 g6 5. Nc3 Bg7 6. Be3 Nf6 7. f3 0-0 8. Nb3 d6 9. Qd2 Be6 10. 0-0-0 Rc8 11. g4 Ne5 12. Qf2 a6 13. h4 b5 14. h5 Qc7 15. Bb6 Qb7 16. Na5 Qb8 17. Bd4 Qc7 18. Bb6 Qb8 19. Bd4 Qc7 1/2-1/2

[Event "Olomouc op"]
[Site "Olomouc"]
[Date "2012.08.08"]
[Round "8"]
[White "Sergienko, Vladislav"]
[Black "Kireev, Aleksei"]
[Result "1-0"]
[WhiteElo "2191"]
[BlackElo "2345"]
[PlyCount "77"]
[EventDate "2012.08.02"]
[EventType "swiss"]
[EventRounds "9"]
[EventCountry "CZE"]
[SourceTitle "CBM 149 Extra"]
[Source "ChessBase"]
[SourceDate "2012.08.24"]
[SourceVersion "1"]
[SourceVersionDate "2012.08.24"]
[SourceQuality "1"]

1. d4 g6 2. Nf3 Bg7 3. c4 d6 4. g3 Nd7 5. Bg2 Ngf6 6. Nc3 0-0 7. 0-0 c6 8. e4 e5 9. h3 Ne8 10. Re1 Qe7 11. b3 f5 12. Bg5 Qf7 13. exf5 gxf5 14. d5 c5 15. Bd2 h6 16. g4 fxg4 17. hxg4 Nb6 18. g5 Bg4 19. Re3 Qh5 20. Ne4 hxg5 21. Ng3 Qg6 22. Qe1 e4 23. Nh2 Bf5 24. Nxf5 Qxf5 25. Bh3 Qxf2+ 26. Qxf2 Rxf2 27. Kxf2 Bxa1 28. Rxe4 Nf6 29. Re7 Rf8 30. Kg2 Kh8 31. Rxb7 Rg8 32. Be6 Rg7 33. Rb8+ Ng8 34. Ng4 Nd7 35. Rd8 Ndf6 36. Nxf6 Bxf6 37. Rxd6 Be7 38. Rd7 Nf6 39. Rxa7 1-0

[Event "Olomouc op"]
[Site "Olomouc"]
[Date "2012.08.07"]
[Round "7"]
[White "Kanovsky, David"]
[Black "Sergienko, Vladislav"]
[Result "1-0"]
[WhiteElo "2441"]
[BlackElo "2191"]
[PlyCount "91"]
[EventDate "2012.08.02"]
[EventType "swiss"]
[EventRounds "9"]
[EventCountry "CZE"]
[SourceTitle "CBM 149 Extra"]
[Source "ChessBase"]
[SourceDate "2012.08.24"]
[SourceVersion "1"]
[SourceVersionDate "2012.08.24"]
[SourceQuality "1"]

1. e4 c5 2. Nf3 Nc6 3. Nc3 g6 4. d4 cxd4 5. Nxd4 Bg7 6. Be3 Nf6 7. Bc4 Qa5 8. 0-0 0-0 9. Bb3 d6 10. h3 Bd7 11. Re1 Rac8 12. Nf3 b5 13. Bg5 Rfd8 14. Nd5 Be6 15. Qe2 Bxd5 16. exd5 Ne5 17. Nd4 b4 18. Rad1 Nxd5 19. Nf5 gxf5 20. Rxd5 Qc7 21. f4 Nc6 22. Qh5 e6 23. Rd3 Ne7 24. Rg3 Ng6 25. Rxe6 Re8 26. Rxg6 hxg6 27. Qxg6 d5 28. Qxf5 Qc5+ 29. Kh2 Re1 30. h4 Qg1+ 31. Kh3 Qh1+ 32. Kg4 Re6 33. Bxd5 Rc5 34. Qd3 Re8 35. Bxf7+ Kxf7 36. Qd7+ Kf8 37. Qd6+ Kg8 38. Qxc5 Qd1+ 39. Rf3 Qd7+ 40. Qf5 Qd2 41. g3 Rf8 42. Qe6+ Kh7 43. Qe4+ Kh8 44. Qd3 Qc1 45. f5 Qxb2 46. f6 1-0

[Event "Myrhorod op"]
[Site "Myrhorod"]
[Date "2011.07.09"]
[Round "2"]
[White "Sergienko, Vladislav"]
[Black "Budnikov, Oleg"]
[Result "1/2-1/2"]
[WhiteElo "2199"]
[BlackElo "2428"]
[PlyCount "42"]
[EventDate "2011.07.09"]
[EventType "swiss"]
[EventRounds "9"]
[EventCountry "UKR"]
[SourceTitle "CBM 143 Extra"]
[Source "ChessBase"]
[SourceDate "2011.08.29"]
[SourceVersion "1"]
[SourceVersionDate "2011.08.29"]
[SourceQuality "1"]

1. d4 g6 2. Nf3 Bg7 3. c4 d6 4. g3 Nf6 5. Bg2 0-0 6. 0-0 Nbd7 7. Nc3 e5 8. e4 c6 9. h3 Qa5 10. Be3 exd4 11. Nxd4 Nb6 12. Qd3 Nfd7 13. b3 Qh5 14. Rad1 Re8 15. g4 Qh4 16. f4 Qe7 17. Rfe1 Nf6 18. Bf2 Qc7 19. Nf3 Nfd7 20. Bd4 Bh6 21. Qd2 Ne5 1/2-1/2

[Event "UKR-ch sf"]
[Site "Alushta"]
[Date "2011.05.10"]
[Round "8"]
[White "Melnichuk, Mikhail"]
[Black "Sergienko, Vladislav"]
[Result "1-0"]
[WhiteElo "2322"]
[BlackElo "2200"]
[PlyCount "69"]
[EventDate "2011.05.03"]
[EventType "swiss"]
[EventRounds "9"]
[EventCountry "UKR"]
[SourceTitle "CBM 142 Extra"]
[Source "ChessBase"]
[SourceDate "2011.06.27"]
[SourceVersion "1"]
[SourceVersionDate "2011.06.27"]
[SourceQuality "1"]

1. e4 c5 2. Nf3 Nc6 3. d4 cxd4 4. Nxd4 g6 5. c4 Nf6 6. Nc3 d6 7. Be2 Nxd4 8. Qxd4 Bg7 9. Be3 0-0 10. Qd2 a5 11. 0-0 a4 12. f3 Qa5 13. Rfc1 Be6 14. Nd5 Nxd5 15. Qxa5 Rxa5 16. cxd5 Bxd5 17. Bd2 a3 18. b4 Bxa1 19. Rxa1 Raa8 20. exd5 Rfc8 21. Kf2 Rc2 22. Ke3 Rac8 23. Kd3 e5 24. dxe6 fxe6 25. Bd1 Rb2 26. Bb3 d5 27. Rg1 e5 28. Bc3 e4+ 29. fxe4 Rxb3 30. axb3 dxe4+ 31. Kc2 e3 32. Ra1 e2 33. Kd2 a2 34. Bb2 Kf8 35. Re1 1-0

[Event "UKR-ch sf"]
[Site "Alushta"]
[Date "2011.05.07"]
[Round "5"]
[White "Sergienko, Vladislav"]
[Black "Smolin, Sergey2222"]
[Result "1-0"]
[WhiteElo "2200"]
[BlackElo "2073"]
[PlyCount "125"]
[EventDate "2011.05.03"]
[EventType "swiss"]
[EventRounds "9"]
[EventCountry "UKR"]
[SourceTitle "CBM 142 Extra"]
[Source "ChessBase"]
[SourceDate "2011.06.27"]
[SourceVersion "1"]
[SourceVersionDate "2011.06.27"]
[SourceQuality "1"]

1. d4 g6 2. Nf3 Bg7 3. c4 c5 4. d5 b5 5. cxb5 Nf6 6. Nc3 a6 7. e4 d6 8. b6 Qxb6 9. Be2 0-0 10. 0-0 a5 11. Nd2 Ba6 12. Nc4 Bxc4 13. Bxc4 Nbd7 14. Bd2 Ne5 15. Be2 c4 16. Rb1 a4 17. Be3 Qa6 18. f3 Rfb8 19. Qd2 Qa5 20. a3 Nfd7 21. f4 Nd3 22. Bxd3 cxd3 23. Qxd3 Rb3 24. Bd4 Nc5 25. Qe3 Bxd4 26. Qxd4 Rab8 27. f5 f6 28. fxg6 hxg6 29. Ne2 Rd3 30. Qc4 Qd2 31. Nf4 Rd4 32. Qc3 Rb3 33. Qxd2 Rxd2 34. e5 dxe5 35. Nxg6 Kf7 36. Nxe5+ Ke8 37. Nc6 Rxd5 38. Rbe1 Kd7 39. Nxe7 Re5 40. Ng8 Rxe1 41. Rxe1 f5 42. h4 Nd3 43. Re7+ Kd6 44. h5 Nf4 45. h6 Ng6 46. Rg7 Nh8 47. h7 Ke5 48. Nh6 Rb6 49. Rg8 Rxh6 50. Rxh8 Kf6 51. Ra8 Rxh7 52. Rxa4 Rb7 53. Rb4 Rc7 54. Kf2 Rc1 55. a4 Ra1 56. b3 Kg5 57. g3 Ra2+ 58. Kf3 Ra1 59. Rb5 Rf1+ 60. Kg2 Ra1 61. a5 Ra3 62. Kf3 Ra1 63. g4 1-0

[Event "Hastings Masters op 86th"]
[Site "Hastings"]
[Date "2011.01.05"]
[Round "9"]
[White "Eggleston, David"]
[Black "Sergienko, Vladislav"]
[Result "1/2-1/2"]
[WhiteElo "2307"]
[BlackElo "2133"]
[PlyCount "48"]
[EventDate "2010.12.28"]
[EventType "swiss"]
[EventRounds "9"]
[EventCountry "ENG"]
[SourceTitle "CBM 140 Extra"]
[Source "ChessBase"]
[SourceDate "2011.03.01"]
[SourceVersion "1"]
[SourceVersionDate "2011.03.01"]
[SourceQuality "1"]

1. e4 c5 2. Nc3 Nc6 3. Nge2 g6 4. d4 cxd4 5. Nxd4 Bg7 6. Be3 Nf6 7. Nb3 d6 8. Be2 0-0 9. 0-0 Be6 10. f4 Rc8 11. f5 Bd7 12. g4 Na5 13. Nd2 b6 14. g5 Ne8 15. Nd5 e6 16. f6 exd5 17. fxg7 Nxg7 18. exd5 Bf5 19. c3 Re8 20. Bf4 Nb7 21. h4 Nc5 22. Bb5 Bd7 23. Bxd7 Qxd7 24. Qf3 Nf5 1/2-1/2

[Event "Hastings Masters op 86th"]
[Site "Hastings"]
[Date "2011.01.03"]
[Round "7"]
[White "Bates, Richard"]
[Black "Sergienko, Vladislav"]
[Result "1-0"]
[WhiteElo "2370"]
[BlackElo "2133"]
[PlyCount "81"]
[EventDate "2010.12.28"]
[EventType "swiss"]
[EventRounds "9"]
[EventCountry "ENG"]
[SourceTitle "CBM 140 Extra"]
[Source "ChessBase"]
[SourceDate "2011.03.01"]
[SourceVersion "1"]
[SourceVersionDate "2011.03.01"]
[SourceQuality "1"]

1. d4 Nf6 2. Nf3 g6 3. g3 Bg7 4. Bg2 0-0 5. 0-0 d6 6. c4 Nc6 7. Nc3 Bf5 8. d5 Na5 9. Nd2 c5 10. e4 Bd7 11. a3 Ne8 12. Qc2 Rc8 13. Re1 a6 14. Bf1 b6 15. Rb1 e6 16. b3 Nc7 17. Bb2 e5 18. b4 Nb7 19. Nb3 f5 20. bxc5 Nxc5 21. Nxc5 bxc5 22. exf5 gxf5 23. Na4 Rb8 24. Bc3 Na8 25. Rxb8 Qxb8 26. f4 e4 27. Bxg7 Kxg7 28. Rb1 Qc7 29. Nb6 Kf7 30. Nxd7 Qxd7 31. Bh3 Qc8 32. Re1 Re8 33. Rxe4 Rxe4 34. Qxe4 fxe4 35. Bxc8 a5 36. Bd7 Nb6 37. Bb5 Kf6 38. Kf2 Kf5 39. Ke3 h6 40. h3 h5 41. a4 1-0

[Event "Hastings Masters op 86th"]
[Site "Hastings"]
[Date "2010.12.30"]
[Round "3"]
[White "Eames, Robert"]
[Black "Sergienko, Vladislav"]
[Result "1/2-1/2"]
[WhiteElo "2275"]
[BlackElo "2133"]
[PlyCount "48"]
[EventDate "2010.12.28"]
[EventType "swiss"]
[EventRounds "9"]
[EventCountry "ENG"]
[SourceTitle "CBM 140 Extra"]
[Source "ChessBase"]
[SourceDate "2011.03.01"]
[SourceVersion "1"]
[SourceVersionDate "2011.03.01"]
[SourceQuality "1"]

1. e4 c5 2. d4 cxd4 3. c3 d3 4. Bxd3 Nc6 5. c4 g6 6. Nc3 Bg7 7. Nf3 d6 8. h3 Nf6 9. 0-0 0-0 10. Bg5 Be6 11. Nd5 Nd7 12. Rb1 f6 13. Be3 Nde5 14. Nd4 Bd7 15. Be2 Nxd4 16. Bxd4 Nc6 17. Bc3 f5 18. Bxg7 Kxg7 19. exf5 Bxf5 20. Bd3 e5 21. Bxf5 Rxf5 22. Qd2 Nd4 23. Rbe1 Qh4 24. f4 Raf8 1/2-1/2

[Event "Kiev Independence Cup-A 10th"]
[Site "Kiev"]
[Date "2010.08.16"]
[Round "5"]
[White "Sergienko, Vladislav"]
[Black "Gubay, Nikolay"]
[Result "1-0"]
[WhiteElo "2039"]
[BlackElo "2168"]
[PlyCount "90"]
[EventDate "2010.08.12"]
[EventType "swiss"]
[EventRounds "11"]
[EventCountry "UKR"]
[SourceTitle "CBM 138 Extra"]
[Source "ChessBase"]
[SourceDate "2010.10.29"]
[SourceVersion "1"]
[SourceVersionDate "2010.10.29"]
[SourceQuality "1"]

1. g3 c5 2. c4 Nf6 3. Bg2 d5 4. cxd5 Nxd5 5. Nc3 Nc7 6. Nf3 Nc6 7. 0-0 e5 8. d3 Be7 9. Be3 Ne6 10. Nd2 Qd7 11. Nd5 Ned4 12. Rc1 Rb8 13. f4 0-0 14. fxe5 Qg4 15. Nf3 Be6 16. Nxe7+ Nxe7 17. Nxd4 cxd4 18. Rf4 Qg5 19. Bxd4 Ng6 20. Rf1 b6 21. Qa4 Nxe5 22. Qxa7 Nd7 23. Rc7 Nf6 24. Rb7 Ra8 25. Qxb6 Nd5 26. Qb5 Qd8 27. Bxd5 Ra5 28. Bb6 Rxb5 29. Bxd8 Rxd5 30. Be7 Rc8 31. b4 Re5 32. e4 Bxa2 33. Bc5 h6 34. Ra1 Bb3 35. Raa7 Rc6 36. Re7 Rg5 37. Ra3 Be6 38. Kg2 f5 39. e5 f4 40. d4 Bd5+ 41. Kf2 Rf5 42. g4 Rg5 43. Rd7 Be4 44. Ra8+ Kh7 45. d5 Rcg6 1-0

[Event "Myrhorod op"]
[Site "Myrhorod"]
[Date "2010.07.09"]
[Round "1"]
[White "Sergienko, Vladislav"]
[Black "Yushinov, Nikolay"]
[Result "1/2-1/2"]
[WhiteElo "2039"]
[BlackElo "2312"]
[PlyCount "77"]
[EventDate "2010.07.09"]
[EventType "swiss"]
[EventRounds "9"]
[EventCountry "UKR"]
[SourceTitle "CBM 137 Extra"]
[Source "ChessBase"]
[SourceDate "2010.09.01"]
[SourceVersion "1"]
[SourceVersionDate "2010.09.01"]
[SourceQuality "1"]

1. Nf3 f5 2. e4 fxe4 3. Ng5 Nf6 4. d3 d5 5. dxe4 e5 6. Be2 Bb4+ 7. c3 Bc5 8. 0-0 c6 9. exd5 cxd5 10. c4 d4 11. Bd3 Nc6 12. a3 a5 13. Nd2 Bg4 14. Qc2 Qe7 15. Nde4 b6 16. Bd2 Kd7 17. Rae1 h6 18. Nxc5+ bxc5 19. Ne4 g5 20. b4 axb4 21. axb4 cxb4 22. Ra1 Rhf8 23. Ra4 b3 24. Qxb3 Rfb8 25. Qa2 Rxa4 26. Qxa4 Nxe4 27. Bxe4 Qc5 28. Rb1 Rxb1+ 29. Bxb1 Be2 30. Bf5+ Kd6 31. h4 Qxc4 32. Qxc4 Bxc4 33. hxg5 hxg5 34. Bxg5 d3 35. f3 Nd4 36. Be4 Nb3 37. Kf2 Kc5 38. Ke3 Nc1 39. Kd2 1/2-1/2

[Event "Kiev-ch"]
[Site "Kiev"]
[Date "2010.03.07"]
[Round "3"]
[White "Sergienko, Vladislav"]
[Black "Marusenko, Petr"]
[Result "1/2-1/2"]
[WhiteElo "2005"]
[BlackElo "2239"]
[PlyCount "76"]
[EventDate "2010.03.04"]
[EventType "swiss"]
[EventRounds "9"]
[EventCountry "UKR"]
[SourceTitle "CBM 135 Extra"]
[Source "ChessBase"]
[SourceDate "2010.05.04"]
[SourceVersion "1"]
[SourceVersionDate "2010.05.04"]
[SourceQuality "1"]

1. c4 c6 2. d4 d5 3. cxd5 cxd5 4. Nf3 Nc6 5. Nc3 Nf6 6. Bf4 Nh5 7. Bg3 g6 8. e3 Bg7 9. Be2 0-0 10. 0-0 Nxg3 11. hxg3 Qd6 12. a3 Rd8 13. Qd2 a6 14. Rfd1 Na5 15. Qe1 Bf5 16. Nd2 Rac8 17. Bf3 e6 18. Rac1 b5 19. g4 Bd3 20. b4 Nb7 21. e4 Bxd4 22. Ndb1 Bxb1 23. Rxd4 Qe5 24. exd5 Qxd4 25. dxe6 Nd6 26. exf7+ Nxf7 27. Nxb1 Rxc1 28. Qxc1 Ne5 29. Qg5 Nxf3+ 30. gxf3 Qd5 31. Qe3 Qd4 32. Qe6+ Kf8 33. Kg2 Re8 34. Qxa6 Re2 35. Qc8+ Kf7 36. Qc7+ Kf8 37. Qc8+ Kg7 38. Qc7+ Kg8 1/2-1/2

[Event "UKR-ch sf U16"]
[Site "Nikolaev"]
[Date "2009.12.12"]
[Round "9"]
[White "Sergienko, Vladislav"]
[Black "Linker, Mikhail"]
[Result "1-0"]
[WhiteElo "1996"]
[BlackElo "1947"]
[PlyCount "91"]
[EventDate "2009.12.04"]
[EventType "swiss"]
[EventRounds "9"]
[EventCountry "UKR"]
[SourceTitle "EXT 2011"]
[Source "ChessBase"]
[SourceDate "2010.11.26"]
[SourceVersion "1"]
[SourceVersionDate "2010.11.26"]
[SourceQuality "1"]

1. d4 Nf6 2. c4 e6 3. g3 c5 4. d5 exd5 5. cxd5 d6 6. Nc3 g6 7. Bg2 Bg7 8. Qa4+ Bd7 9. Qb3 Qc7 10. Nf3 0-0 11. 0-0 Re8 12. Nd2 a5 13. a4 Na6 14. Nc4 Nb4 15. Bf4 Bf8 16. Rfe1 Nh5 17. Bd2 f5 18. e4 Bg7 19. exf5 Bxf5 20. Nb5 Qd7 21. Rxe8+ Rxe8 22. Bxb4 axb4 23. Nbxd6 Re2 24. Nxf5 Qxf5 25. Bf3 Bd4 26. Rf1 Re7 27. d6 Rf7 28. d7 Qxd7 29. Nb6 c4 30. Nxd7 cxb3 31. Bd5 Bxb2 32. Rb1 Bc3 33. Rxb3 Kg7 34. Bxf7 Kxf7 35. Nc5 Nf6 36. a5 Ke7 37. Nxb7 Kd7 38. Nc5+ Kc6 39. a6 Nd5 40. a7 Nb6 41. Na4 Nxa4 42. a8Q+ Kb5 43. Qe8+ Ka5 44. Qg8 Nc5 45. Rxc3 bxc3 46. Qc4 1-0